[Event "16th Africa-ch"]
[Site "Lilongwe MAW"]
[Date "2021.05.19"]
[Round "2.27"]
[White "Simiyu, Alfred"]
[Black "Mwagomba, Fishan"]
[Result "0-1"]
[WhiteElo "1065"]
[BlackElo "1946"]
[EventDate "2021.05.18"]
[PlyCount "73"]

1.d4 d6 2.e4 Nf6 3.Nd2 c6 4.Ngf3 Bg4 5.c3 Nbd7 6.Qb3 Qc7 7.Ng5 e6 8.f3 Bh5
9.Nc4 h6 10.Nh3 d5 11.exd5 exd5 12.Ne3 Bg6 13.Be2 Bd6 14.Nf1 O-O 15.f4 
Rae8 16.Ng3 Ne4 17.O-O Nxg3 18.hxg3 Rxe2 19.c4 dxc4 20.Qf3 Bd3 21.Be3 Re8 
22.Bf2 Rxb2 23.Rfe1 Ree2 24.Rxe2 Rxe2 25.Re1 Rxe1+ 26.Bxe1 Nf6 27.g4 Qe7 
28.Bd2 Be2 29.Qg3 Bxg4 30.Qh4 Qe2 31.Be1 Bxh3 32.gxh3 c3 33.Bxc3 Qe3+ 34.
Qf2 Qxc3 35.Kg2 Ne4 36.Qf3 Qc2+ 37.Kg1 0-1

[Event "16th Africa-ch"]
[Site "Lilongwe MAW"]
[Date "2021.05.20"]
[Round "3.7"]
[White "Ajibola, Olanrewaju"]
[Black "Fawzy, Adham"]
[Result "0-1"]
[WhiteElo "2337"]
[BlackElo "2473"]
[EventDate "2021.05.18"]
[PlyCount "50"]

1.d4 Nf6 2.Bg5 e6 3.e4 c5 4.d5 d6 5.Nc3 Be7 6.h4 O-O 7.Be2 exd5 8.exd5 
Nbd7 9.Qd2 Re8 10.O-O-O a6 11.f4 b5 12.Bf3 Nb6 13.g4 Nc4 14.Qe2 Nxg4 15.
Re1 Nge3 16.b3 Qa5 17.Nb1 Nxc2 18.Kxc2 Bf5+ 19.Kd1 Bf8 20.Qxe8 Qxa2 21.Qe4
Qxb3+ 22.Ke2 Bxe4 23.Bxe4 Re8 24.Kf2 Qb2+ 25.Re2 Qd4+ 0-1

[Event "16th Africa-ch"]
[Site "Lilongwe MAW"]
[Date "2021.05.20"]
[Round "3.8"]
[White "Hesham, Abdelrahman"]
[Black "Mhango, Banele"]
[Result "0-1"]
[WhiteElo "2400"]
[BlackElo "2117"]
[EventDate "2021.05.18"]
[PlyCount "74"]

1.d4 Nf6 2.c4 g6 3.Nc3 Bg7 4.e4 d6 5.Nge2 a6 6.Ng3 h5 7.h4 Nc6 8.d5 Ne5 9.
Be2 c5 10.Bg5 Rb8 11.Qd2 Qa5 12.f4 Neg4 13.e5 Nh7 14.exd6 Nxg5 15.hxg5 
exd6 16.Nge4 Qd8 17.O-O-O O-O 18.Rh4 Re8 19.Rdh1 b5 20.Bxg4 Bxg4 21.Nf2 
Bf5 22.g4 hxg4 23.Nxg4 Bxg4 24.Rxg4 Qe7 25.Rgh4 Qe3 26.cxb5 axb5 27.Nd1 
Qe2 28.Qxe2 Rxe2 29.Nc3 Re3 30.Kd2 Re7 31.R4h3 b4 32.Nd1 Re4 33.Rf1 c4 34.
f5 gxf5 35.Rxf5 Rbe8 36.Rhf3 Rd4+ 37.Kc2 Re2+ 0-1

[Event "16th Africa-ch"]
[Site "Lilongwe MAW"]
[Date "2021.05.20"]
[Round "3.9"]
[White "Wageih, Kareim"]
[Black "Nassr, Ali"]
[Result "0-1"]
[WhiteElo "2425"]
[BlackElo "2232"]
[EventDate "2021.05.18"]
[PlyCount "45"]

1.d4 d5 2.c4 c6 3.cxd5 cxd5 4.Nc3 Nf6 5.Bf4 Nc6 6.e3 a6 7.Bd3 e6 8.Rc1 Bd6
9.Bxd6 Qxd6 10.f4 b5 11.Nf3 Bb7 12.Ne5 O-O 13.Qf3 Ne4 14.O-O f5 15.Qe2 
Rac8 16.a4 b4 17.Nxe4 fxe4 18.Bxa6 Nxd4 19.Qh5 Rxc1 20.Rxc1 Nb3 21.Bxb7 
Nxc1 22.Qd1 Qc5 23.Kh1 0-1

[Event "16th Africa-ch"]
[Site "Lilongwe MAW"]
[Date "2021.05.20"]
[Round "3.10"]
[White "Abrantes, Persson"]
[Black "Silva, David"]
[Result "0-1"]
[WhiteElo "2018"]
[BlackElo "2296"]
[EventDate "2021.05.18"]
[PlyCount "118"]

1.d4 Nf6 2.c4 g6 3.Nc3 Bg7 4.e4 d6 5.Nf3 O-O 6.Be2 e5 7.O-O Nc6 8.d5 Ne7 
9.Ne1 Nd7 10.Nd3 f5 11.f3 f4 12.Bd2 b6 13.b4 a5 14.a4 axb4 15.Nxb4 Nc5 16.
Be1 g5 17.Bf2 Bd7 18.Nb5 Rf6 19.Bxc5 dxc5 20.Nd3 Ng6 21.Qb3 h5 22.Qc3 g4 
23.a5 g3 24.axb6 Rxa1 25.Rxa1 cxb6 26.Ra7 Rf7 27.h3 Bf8 28.Qa1 Qf6 29.Ra8 
Kh7 30.Qa6 Nh4 31.Bf1 Bxh3 32.Qa1 Bg7 33.gxh3 Nxf3+ 34.Kh1 Nh4 35.Ne1 f3 
36.Ra2 Bh6 37.Qc3 Qg6 38.Qd3 g2+ 39.Nxg2 fxg2+ 40.Bxg2 Rg7 41.Qf1 Bf4 42.
Qf2 Bg3 43.Qf1 Kh6 44.Qf8 Bf4 45.Qd6 Qxd6 46.Nxd6 Rg3 47.Nf5+ Nxf5 48.exf5
Rc3 49.Bf1 Kg5 50.f6 Kxf6 51.Rb2 e4 52.Rxb6+ Kf5 53.Re6 Rc1 54.Kg2 Rc2+ 
55.Kg1 Be5 56.Rh6 Bd4+ 57.Kh1 Rf2 58.Bg2 e3 59.Re6 e2 0-1

[Event "16th Africa-ch"]
[Site "Lilongwe MAW"]
[Date "2021.05.20"]
[Round "3.11"]
[White "Abdulraheem, Abdulrahman Akintoye"]
[Black "Chimthere, Alfred Charles"]
[Result "1-0"]
[WhiteElo "2264"]
[BlackElo "2057"]
[EventDate "2021.05.18"]
[PlyCount "111"]

1.d4 Nf6 2.Bg5 e6 3.Nc3 Be7 4.e4 d5 5.e5 Nfd7 6.Bxe7 Qxe7 7.f4 a6 8.Nf3 c5
9.dxc5 Nc6 10.Bd3 Qxc5 11.Qe2 b5 12.Qf2 Qxf2+ 13.Kxf2 O-O 14.Rhe1 h6 15.
Kg1 f6 16.exf6 Rxf6 17.Ne2 Nc5 18.a3 Bd7 19.b4 Nb7 20.Ne5 Be8 21.Nxc6 Bxc6
22.Nd4 Bd7 23.g3 Nd6 24.Nb3 Nb7 25.Re2 Kf7 26.Rae1 Ke7 27.Nd4 Kd6 28.Re3 
g5 29.fxg5 hxg5 30.Re5 Rg8 31.a4 bxa4 32.Bxa6 Nd8 33.c4 dxc4 34.Bxc4 Re8 
35.Rxg5 Nf7 36.Ra5 e5 37.Ra6+ Ke7 38.Rxf6 Kxf6 39.Rf1+ Kg5 40.Rxf7 Bh3 41.
Nc6 e4 42.Re7 Rxe7 43.Nxe7 Kf6 44.Nd5+ Ke5 45.Ne3 Kd4 46.Kf2 a3 47.b5 Kc5 
48.b6 Kxb6 49.Nc2 Kc5 50.Bg8 Kd6 51.Nxa3 Ke5 52.Ke3 Bf5 53.Ba2 Kf6 54.Bb1 
Kg5 55.Bxe4 Be6 56.Bf3 1-0

[Event "16th Africa-ch"]
[Site "Lilongwe MAW"]
[Date "2021.05.20"]
[Round "3.12"]
[White "Chimkute, Ronald"]
[Black "Mulenga, Prince Daniel"]
[Result "1-0"]
[WhiteElo "1955"]
[BlackElo "2246"]
[EventDate "2021.05.18"]
[PlyCount "195"]

1.d4 Nf6 2.c4 e6 3.Nc3 Bb4 4.Bd2 d5 5.e3 O-O 6.Nf3 a6 7.a3 Be7 8.Bd3 dxc4 
9.Bxc4 b5 10.Be2 c5 11.O-O Bb7 12.Rc1 Nbd7 13.h3 Qb6 14.Qb3 Rac8 15.Rfd1 
Rfd8 16.Be1 c4 17.Qc2 a5 18.Nd2 Ba6 19.Na2 Qb8 20.Bf3 Qb6 21.Be2 Rc7 22.
Nc3 Rdc8 23.Ra1 b4 24.axb4 axb4 25.Nce4 Bb5 26.Nxf6+ Nxf6 27.Rdc1 c3 28.
Nb3 Nd5 29.Bf3 Bc4 30.bxc3 bxc3 31.Rcb1 Nb4 32.Qxc3 Bd3 33.Nc5 Bxb1 34.
Rxb1 Bxc5 35.dxc5 Rxc5 36.Qxb4 Qc7 37.Qb7 Qe5 38.Qe4 Qc7 39.g3 Rc4 40.Qb7 
Qxb7 41.Rxb7 Rc1 42.Kf1 Ra1 43.Rd7 h6 44.Ke2 Rac1 45.Bd2 R1c7 46.Rd4 Rc4 
47.Rd6 Ra4 48.h4 Rac4 49.Kd3 Ra4 50.Bd1 Ra3+ 51.Ke2 Ra2 52.Bb3 Rb2 53.Bd1 
Ra2 54.Kd3 Ra3+ 55.Ke4 Rc4+ 56.Kf3 Rc8 57.Be2 Rb3 58.Bd1 Rbb8 59.e4 Rd8 
60.e5 Rdc8 61.Be3 Rb5 62.Kf4 Rc4+ 63.Bd4 Rc8 64.Be2 Rb4 65.Bd3 g6 66.Kf3 
Kg7 67.Ke4 Rc1 68.f4 Re1+ 69.Kf3 Rd1 70.Ke2 Rh1 71.Rd8 h5 72.Bc5 Rb2+ 73.
Kf3 Rb7 74.Bf8+ Kh7 75.Bc5 Rc1 76.Be3 Rc3 77.Bd2 Rcc7 78.Rd6 Kg7 79.Be3 
Rb3 80.Ke4 Rb4+ 81.Bd4 Ra4 82.Be2 Ra2 83.Bd3 Ra4 84.Ke3 Ra3 85.Bb6 Rc8 86.
Bd8 Ra1 87.Bf6+ Kg8 88.Rd7 Rd1 89.Kf2 Rd2+ 90.Ke3 Rh2 91.Kf3 Rd2 92.g4 Ra2
93.gxh5 gxh5 94.f5 exf5 95.Bxf5 Rc3+ 96.Kf4 Rf2+ 97.Kg5 Rg3+ 98.Kh6 1-0

[Event "16th Africa-ch"]
[Site "Lilongwe MAW"]
[Date "2021.05.20"]
[Round "3.13"]
[White "Osunfuyi, Abimbola"]
[Black "Ndegwa, Jackson Kamau"]
[Result "1-0"]
[WhiteElo "2246"]
[BlackElo "2001"]
[EventDate "2021.05.18"]
[PlyCount "67"]

1.c4 e5 2.g3 f5 3.Nc3 Nf6 4.Nf3 Nc6 5.d4 exd4 6.Nxd4 Nxd4 7.Qxd4 Bb4 8.Bh3
d6 9.O-O O-O 10.Nd5 Bc5 11.Qd3 c6 12.Nc3 Ne4 13.Bg2 Nxc3 14.Qxc3 Qe8 15.b4
Bb6 16.Bb2 Qg6 17.a4 f4 18.Rad1 Bc7 19.b5 Bd7 20.a5 Rac8 21.b6 axb6 22.
axb6 Bb8 23.Rd4 Rce8 24.Re4 fxg3 25.hxg3 Bf5 26.Rxe8 Rxe8 27.Re1 Re6 28.
Bf3 Bg4 29.Kg2 Bxf3+ 30.exf3 Rxe1 31.Qxe1 h6 32.Qe7 Qf7 33.Qd8+ Qf8 34.Qd7
1-0

[Event "16th Africa-ch"]
[Site "Lilongwe MAW"]
[Date "2021.05.20"]
[Round "3.14"]
[White "Mwagomba, Fishan"]
[Black "Talbi, Chafik"]
[Result "0-1"]
[WhiteElo "1946"]
[BlackElo "2244"]
[EventDate "2021.05.18"]
[PlyCount "30"]

1.e4 c5 2.d3 Nf6 3.Nf3 g6 4.g3 Bg7 5.Bg2 Nc6 6.c3 d6 7.O-O Rb8 8.Nbd2 Nd7 
9.Nb3 a5 10.a4 O-O 11.d4 b5 12.axb5 Rxb5 13.Re1 Qb6 14.dxc5 dxc5 15.Nbd2 
Nde5 0-1

[Event "16th Africa-ch"]
[Site "Lilongwe MAW"]
[Date "2021.05.20"]
[Round "3.15"]
[White "Paiva, Donaldo"]
[Black "Mwale, George"]
[Result "1/2-1/2"]
[WhiteElo "2230"]
[BlackElo "1982"]
[EventDate "2021.05.18"]
[PlyCount "60"]

1.c4 Nf6 2.g3 g6 3.Bg2 Bg7 4.Nf3 O-O 5.O-O c6 6.d4 d5 7.cxd5 cxd5 8.Nc3 
Nc6 9.Ne5 Be6 10.Nxc6 bxc6 11.Na4 Nd7 12.Be3 Qa5 13.b3 c5 14.Rc1 cxd4 15.
Bxd4 Rac8 16.Bxg7 Kxg7 17.Qd4+ Kg8 18.Rfd1 Nf6 19.Bf3 Rxc1 20.Rxc1 Rc8 21.
Rxc8+ Bxc8 22.Kg2 Bd7 23.Nc5 Bc6 24.a4 Qc7 25.Nd3 Qb6 26.Qxb6 axb6 27.Ne5 
Be8 28.e3 e6 29.h4 Kf8 30.g4 h6 1/2-1/2

[Event "16th Africa-ch"]
[Site "Lilongwe MAW"]
[Date "2021.05.20"]
[Round "3.16"]
[White "Mwale, Joseph"]
[Black "Njoroge, Martin"]
[Result "1-0"]
[WhiteElo "2148"]
[BlackElo "1965"]
[EventDate "2021.05.18"]
[PlyCount "67"]

1.d4 Nf6 2.c4 e6 3.g3 d5 4.Bg2 Be7 5.Nf3 O-O 6.O-O dxc4 7.Qc2 c5 8.dxc5 
Nc6 9.Nbd2 Qd5 10.Nxc4 Qxc5 11.Be3 Qh5 12.h3 Bd7 13.Rad1 Rfd8 14.Qb3 b5 
15.Nd6 Nd5 16.Ne4 Na5 17.Qd3 Nxe3 18.Qxe3 Nc4 19.Qc1 Rac8 20.b3 Ne5 21.Qe3
Rc7 22.Nd4 Rdc8 23.g4 Qh4 24.f4 Ng6 25.Nf3 Qh6 26.g5 Qh5 27.Ng3 Bc5 28.Rd4
Bxd4 29.Qxd4 Nxf4 30.Qxf4 Qg6 31.Ne5 Qc2 32.Qxf7+ Kh8 33.Qf8+ Rxf8 34.
Rxf8# 1-0

[Event "16th Africa-ch"]
[Site "Lilongwe MAW"]
[Date "2021.05.20"]
[Round "3.17"]
[White "Chiwambo, Stansford"]
[Black "Calicoca, Wilton Inacio"]
[Result "0-1"]
[WhiteElo "1888"]
[BlackElo "2122"]
[EventDate "2021.05.18"]
[PlyCount "68"]

1.c4 e5 2.Nc3 Nf6 3.g3 Bc5 4.Bg2 O-O 5.e3 Re8 6.Nge2 Nc6 7.O-O d6 8.b3 Bg4
9.h3 Bh5 10.g4 Bg6 11.d4 Bb6 12.a3 a5 13.Bb2 exd4 14.exd4 h5 15.gxh5 Nxh5 
16.Nd5 Ba7 17.Qd2 Be4 18.Ng3 Bxg2 19.Kxg2 Nf6 20.Nxf6+ Qxf6 21.Rad1 d5 22.
cxd5 Ne7 23.Qxa5 Ng6 24.Qc3 Nf4+ 25.Kh2 Nxd5 26.Qd3 g6 27.Bc1 c6 28.f4 Bb8
29.f5 g5 30.Kg2 Qd6 31.Bxg5 Ne3+ 32.Qxe3 Rxe3 33.Bf4 Rxg3+ 34.Kxg3 Qxa3 
0-1

[Event "16th Africa-ch"]
[Site "Lilongwe MAW"]
[Date "2021.05.20"]
[Round "3.20"]
[White "Apemiye, Austin"]
[Black "Adorwa, Brian Kadenge"]
[Result "1-0"]
[WhiteElo "2076"]
[BlackElo "1867"]
[EventDate "2021.05.18"]
[PlyCount "125"]

1.e4 e5 2.Nf3 Nc6 3.Bc4 Be7 4.d4 d6 5.h3 Nf6 6.Nc3 O-O 7.O-O h6 8.Re1 a6 
9.a3 b5 10.dxe5 Nxe5 11.Ba2 Nxf3+ 12.Qxf3 Bb7 13.Bf4 Nd7 14.Rad1 Bf6 15.
Qg3 Be5 16.Nd5 Kh8 17.c3 Rb8 18.Bb1 Bxd5 19.exd5 Bxf4 20.Qxf4 Ne5 21.Kh1 
Kg8 22.Qc1 Qf6 23.f4 Nc4 24.Rd4 Rfe8 25.Rde4 Kf8 26.a4 Rxe4 27.Rxe4 Nb6 
28.axb5 axb5 29.Qd2 Nc4 30.Qe2 g6 31.Bd3 Nb6 32.Rd4 Re8 33.Qd2 Qh4 34.Kh2 
Qe1 35.Bxb5 Qxd2 36.Rxd2 Re4 37.Kg3 g5 38.fxg5 hxg5 39.Kf3 Rf4+ 40.Ke3 
Nc4+ 41.Bxc4 Rxc4 42.Rd4 Rc5 43.Ke4 Kg7 44.Rb4 Kg6 45.Kd4 c6 46.dxc6 Rxc6 
47.Kd5 Ra6 48.g4 Kf6 49.Rb7 Ra8 50.Kxd6 Rh8 51.c4 Rxh3 52.c5 Rd3+ 53.Kc7 
Rd4 54.c6 Rxg4 55.Kb8 Rc4 56.c7 Ke5 57.c8=Q Rxc8+ 58.Kxc8 f5 59.b4 g4 60.
b5 f4 61.Rg7 g3 62.b6 Ke4 63.b7 1-0

[Event "16th Africa-ch"]
[Site "Lilongwe MAW"]
[Date "2021.05.20"]
[Round "3.22"]
[White "Ofubu, Samson"]
[Black "Saah, Thomas"]
[Result "1-0"]
[WhiteElo "1814"]
[BlackElo "1830"]
[EventDate "2021.05.18"]
[PlyCount "71"]

1.e4 c5 2.c3 d6 3.d4 Nd7 4.Nf3 Qc7 5.Qb3 e6 6.Bf4 Ngf6 7.Nbd2 a6 8.Be2 b5 
9.O-O c4 10.Qc2 e5 11.dxe5 dxe5 12.Bg3 Bc5 13.b3 cxb3 14.axb3 O-O 15.Bxb5 
Bb7 16.Bxd7 Nxd7 17.Rad1 Rae8 18.Nc4 g6 19.Rfe1 f5 20.exf5 Rxf5 21.Qd3 Re7
22.b4 Bxf3 23.gxf3 Ba7 24.Nd6 Rg5 25.f4 Rg4 26.h3 Rxg3+ 27.Qxg3 exf4 28.
Qxf4 Rxe1+ 29.Rxe1 Nf8 30.Re8 Qg7 31.Qc4+ Kh8 32.Nf7+ Kg8 33.Ng5+ Kh8 34.
Ne6 Bxf2+ 35.Kf1 Bc5 36.Nxg7 1-0

[Event "16th Africa-ch"]
[Site "Lilongwe MAW"]
[Date "2021.05.20"]
[Round "3.23"]
[White "Chipanga, Chiletso"]
[Black "Nyambalo, Joseph Xavier"]
[Result "1-0"]
[WhiteElo "2043"]
[BlackElo "2032"]
[EventDate "2021.05.18"]
[PlyCount "61"]

1.e4 c5 2.Nc3 Nc6 3.Bb5 Nd4 4.Bc4 g6 5.Nce2 Bg7 6.c3 Nxe2 7.Qxe2 e6 8.f4 
Ne7 9.d3 O-O 10.Nf3 d5 11.Bb3 b5 12.e5 c4 13.Bc2 f6 14.exf6 Bxf6 15.d4 b4 
16.O-O bxc3 17.bxc3 Nf5 18.g4 Nd6 19.a4 Bd7 20.Ba3 Qc7 21.Ne5 Rfe8 22.h4 
Nf7 23.g5 Be7 24.h5 Nxe5 25.fxe5 Bxa3 26.Rxa3 gxh5 27.Qxh5 Re7 28.Raa1 Rf8
29.Rf6 Qa5 30.Rf3 Qd8 31.Rg3 1-0

[Event "16th Africa-ch"]
[Site "Lilongwe MAW"]
[Date "2021.05.20"]
[Round "3.24"]
[White "Magana, Ben"]
[Black "Sihlongonyane, Sikhanyiso"]
[Result "1-0"]
[WhiteElo "2031"]
[BlackElo "1619"]
[EventDate "2021.05.18"]
[PlyCount "41"]

1.d4 Nf6 2.Bf4 d5 3.e3 e6 4.Nd2 c5 5.c3 Nc6 6.Ngf3 Be7 7.Ne5 O-O 8.Bd3 Bd6
9.Bg3 Qc7 10.f4 b6 11.O-O Bb7 12.Bh4 Be7 13.Qf3 g6 14.Qh3 Nb8 15.Ndf3 Ne4 
16.Bxe4 dxe4 17.Ng5 Bxg5 18.fxg5 Qe7 19.Ng4 h5 20.gxh6 Qd6 21.h7+ 1-0

[Event "16th Africa-ch"]
[Site "Lilongwe MAW"]
[Date "2021.05.20"]
[Round "3.25"]
[White "Gwezere, Cecil"]
[Black "Okonkwo, Ifeanyi"]
[Result "0-1"]
[WhiteElo "1624"]
[BlackElo "2029"]
[EventDate "2021.05.18"]
[PlyCount "41"]

1.d4 d5 2.Nf3 Nf6 3.g3 e6 4.Bg2 Be7 5.c4 O-O 6.O-O b6 7.Nc3 Bb7 8.b3 Nbd7 
9.Bb2 Re8 10.Rc1 Rc8 11.e3 a6 12.Qe2 Bf8 13.Rfd1 Qe7 14.h3 h6 15.Nd2 c5 
16.cxd5 exd5 17.Nc4 dxc4 18.Bxb7 Rcd8 19.bxc4 cxd4 20.Rxd4 Ne5 21.Rdd1 0-1

[Event "16th Africa-ch"]
[Site "Lilongwe MAW"]
[Date "2021.05.20"]
[Round "3.26"]
[White "Awesome, John Aanuoluwapo"]
[Black "Ikhimiukor, Ehidiamen"]
[Result "0-1"]
[WhiteElo "1424"]
[BlackElo "1946"]
[EventDate "2021.05.18"]
[PlyCount "97"]

1.e4 e5 2.Nf3 Nc6 3.Bc4 Bc5 4.Nc3 Nf6 5.d3 h6 6.a3 O-O 7.b4 Bd4 8.Nxd4 
Nxd4 9.Ne2 d5 10.exd5 Nxd5 11.O-O Bg4 12.f3 Bh5 13.Ng3 Bg6 14.Bd2 Qd7 15.
c3 Nf5 16.Nxf5 Bxf5 17.Qe2 Rfe8 18.Rfd1 Rad8 19.Be1 a6 20.Bxd5 Qxd5 21.Rd2
Qc6 22.c4 Qg6 23.Rad1 f6 24.Bf2 h5 25.Qe3 Bh3 26.Bg3 Bf5 27.Qa7 Bc8 28.d4 
exd4 29.Rxd4 Rxd4 30.Qxd4 c6 31.c5 Be6 32.Qd6 Qf7 33.Re1 Bd5 34.Rxe8+ Qxe8
35.Qb8 Qxb8 36.Bxb8 Kf7 37.Kf2 Ke6 38.Ke3 Kf5 39.Bd6 g5 40.g3 Ke6 41.f4 
Kf5 42.h4 gxh4 43.gxh4 Kg4 44.Be7 Kxh4 45.Bxf6+ Kg3 46.Bg5 h4 47.Bxh4+ 
Kxh4 48.Kd4 Kg4 49.Ke5 0-1

[Event "16th Africa-ch"]
[Site "Lilongwe MAW"]
[Date "2021.05.20"]
[Round "3.27"]
[White "Oyama, Ekok"]
[Black "Simiyu, Alfred"]
[Result "1-0"]
[WhiteElo "1845"]
[BlackElo "1065"]
[EventDate "2021.05.18"]
[PlyCount "73"]

1.c4 e5 2.Nc3 Nf6 3.Nf3 Nc6 4.e3 d5 5.d4 e4 6.cxd5 exf3 7.dxc6 fxg2 8.Bxg2
b6 9.e4 Be7 10.h3 O-O 11.Be3 Bb4 12.a3 Bxc3+ 13.bxc3 Re8 14.Qc2 Re7 15.c4 
Qe8 16.e5 Nh5 17.O-O-O g6 18.Be4 f6 19.Bd5+ Be6 20.Bxe6+ Rxe6 21.f4 Qxc6 
22.d5 Qd7 23.dxe6 Qxe6 24.Qe4 Rb8 25.Qd5 Qxd5 26.cxd5 f5 27.d6 cxd6 28.
exd6 Rd8 29.Rhe1 Kf7 30.Bf2 Nf6 31.Bh4 Kg7 32.Re6 Rf8 33.Rxf6 Rxf6 34.
Bxf6+ Kxf6 35.d7 g5 36.d8=Q+ Kg6 37.Qxg5+ 1-0

[Event "16th Africa-ch"]
[Site "Lilongwe MAW"]
[Date "2021.05.23"]
[Round "5.5"]
[White "Bwalya, Gillan"]
[Black "Mwale, Joseph"]
[Result "0-1"]
[WhiteElo "2405"]
[BlackElo "2148"]
[EventDate "2021.05.18"]
[PlyCount "130"]

1.d4 Nf6 2.c4 e6 3.Nc3 Bb4 4.Bg5 c5 5.d5 d6 6.e3 h6 7.Bh4 g5 8.Bg3 exd5 9.
cxd5 h5 10.h4 Ne4 11.Ne2 Qa5 12.Qc1 c4 13.a3 Bxc3+ 14.Nxc3 Nxg3 15.fxg3 
Nd7 16.Bxc4 Ne5 17.Be2 Bg4 18.O-O Bxe2 19.Nxe2 gxh4 20.gxh4 Qxd5 21.Nc3 
Qc6 22.Qd2 O-O-O 23.Nd5 Kb8 24.Rac1 Qb5 25.Nf6 a6 26.Rf4 Qd3 27.Rd1 Qxd2 
28.Rxd2 Rc8 29.Rd3 d5 30.Rxd5 Rc1+ 31.Kh2 Nc4 32.Rd3 Nxb2 33.Rb3 Nc4 34.
Nd7+ Ka7 35.Rxf7 Nd2 36.Rb4 Nf1+ 37.Kh3 Nxe3 38.Nf6 Rh1+ 39.Kg3 Nf5+ 40.
Kf2 Nd6 41.Rd7 Nb5 42.g3 Rf8 43.Kg2 Ra1 44.Nxh5 Rxa3 45.Rf4 Rh8 46.Nf6 Rb3
47.h5 Nc3 48.Rf5 Rb4 49.g4 Ne4 50.g5 Rf8 51.Rg7 Rb6 52.Nxe4 Rxf5 53.Kg3 
Rb3+ 54.Kg4 Rbf3 55.Ng3 R5f4+ 56.Kh3 Ra4 57.Kg2 Rb3 58.Nf1 Rg4+ 59.Kf2 
Rf4+ 60.Ke2 Rb2+ 61.Nd2 Rd4 62.h6 Rbxd2+ 63.Kf3 R2d3+ 64.Ke2 Rh3 65.h7 Ra4
0-1

[Event "16th Africa-ch"]
[Site "Lilongwe MAW"]
[Date "2021.05.24"]
[Round "6.8"]
[White "Calicoca, Wilton Inacio"]
[Black "Wageih, Kareim"]
[Result "0-1"]
[WhiteElo "2122"]
[BlackElo "2425"]
[EventDate "2021.05.18"]
[PlyCount "64"]

1.e4 c5 2.Ne2 e5 3.Nbc3 Nf6 4.g3 d5 5.exd5 Nxd5 6.Bg2 Be6 7.d3 Nc6 8.O-O 
Be7 9.f4 exf4 10.Nxf4 Nxf4 11.Bxf4 O-O 12.Kh1 Qd7 13.Qd2 Nd4 14.Rae1 Rae8 
15.a4 b6 16.b3 a6 17.Rf2 b5 18.axb5 axb5 19.Ne2 Nc6 20.Ng1 Bf6 21.Nf3 Bd5 
22.Be3 b4 23.Ref1 Qe7 24.Bf4 Bc3 25.Qc1 Ra8 26.Qe3 Qb7 27.Bd6 Rfe8 28.Qg5 
Nd4 29.Qg4 Nxf3 30.Bxf3 Bd4 31.Rd2 Ra1 32.Rf2 Bxf2 0-1

[Event "16th Africa-ch"]
[Site "Lilongwe MAW"]
[Date "2021.05.26"]
[Round "8.4"]
[White "Rakotomaharo, Fy Antenaina"]
[Black "Bellahcene, Bilel"]
[Result "0-1"]
[WhiteElo "2429"]
[BlackElo "2508"]
[EventDate "2021.05.18"]
[PlyCount "76"]

1.d4 Nf6 2.c4 e6 3.Nc3 Bb4 4.e3 O-O 5.Ne2 d5 6.a3 Be7 7.cxd5 exd5 8.g3 Re8
9.Bg2 a5 10.O-O Na6 11.b3 h6 12.Nf4 c6 13.f3 c5 14.Kh1 cxd4 15.exd4 Nc7 
16.Nd3 Bd6 17.Na4 Bf5 18.Bb2 Bxd3 19.Qxd3 h5 20.Nc5 Rb8 21.Rae1 b6 22.Na6 
Nxa6 23.Qxa6 h4 24.f4 hxg3 25.hxg3 Qd7 26.Qd3 Ne4 27.Kg1 Qf5 28.Qb5 Re6 
29.Rxe4 Rxe4 30.Bxe4 Qxe4 31.Qd7 Bf8 32.Rf2 Re8 33.Qb5 Re6 34.Qf1 Qe3 35.
Kg2 Qxb3 36.Bc1 Rg6 37.Rf3 Qc2+ 38.Rf2 Qe4+ 0-1

[Event "16th Africa-ch"]
[Site "Lilongwe MAW"]
[Date "2021.05.26"]
[Round "8.16"]
[White "Oragwu, Chukwunonso"]
[Black "Abrantes, Persson"]
[Result "1-0"]
[WhiteElo "2241"]
[BlackElo "2018"]
[EventDate "2021.05.18"]
[PlyCount "69"]

1.e4 d5 2.exd5 Qxd5 3.Nc3 Qa5 4.d4 Nf6 5.Bd3 Bg4 6.f3 Bh5 7.Ne2 Bg6 8.Bc4 
e6 9.Be3 c6 10.Nf4 Bb4 11.Qd2 Nd5 12.Bxd5 cxd5 13.h4 h6 14.Nxg6 fxg6 15.
Qd3 Bxc3+ 16.bxc3 Kf7 17.h5 gxh5 18.Rxh5 Nd7 19.Kf2 Nf6 20.Rh3 Rac8 21.Bd2
Rc4 22.Rg3 g5 23.Rh1 Rcc8 24.Rgh3 Kg7 25.Re1 Rhe8 26.Re5 Rc7 27.Rxh6 Kxh6 
28.Rxg5 Ne4+ 29.fxe4 Rf8+ 30.Kg1 Rxc3 31.Rg3+ Kh7 32.Bxc3 Qxa2 33.Rh3+ Kg7
34.Qg3+ Kf7 35.Rh4 1-0

[Event "16th Africa-ch"]
[Site "Lilongwe MAW"]
[Date "2021.05.27"]
[Round "9.5"]
[White "Wageih, Kareim"]
[Black "Mhango, Banele"]
[Result "1/2-1/2"]
[WhiteElo "2425"]
[BlackElo "2117"]
[EventDate "2021.05.18"]
[PlyCount "272"]

1.d4 Nf6 2.Nf3 g6 3.Nbd2 d5 4.e3 Bg7 5.b4 O-O 6.c4 c6 7.Bb2 a5 8.b5 a4 9.
Ba3 Re8 10.Be2 Nbd7 11.cxd5 cxd5 12.O-O e5 13.Nxe5 Nxe5 14.dxe5 Rxe5 15.
Nf3 Re8 16.Nd4 Ne4 17.Rc1 Be5 18.Qd3 h5 19.f4 Bg7 20.Bf3 Qb6 21.Rc2 Bd7 
22.Rfc1 Bxd4 23.Qxd4 Qxd4 24.exd4 Bxb5 25.Rc7 Bc6 26.f5 Nd2 27.Kf2 Ne4+ 
28.Kg1 Nd2 29.Kf2 Nc4 30.Rxc4 dxc4 31.d5 Bb5 32.fxg6 fxg6 33.d6 Bc6 34.d7 
Red8 35.Bxc6 bxc6 36.Be7 Kf7 37.Bxd8 Rxd8 38.Ke3 Ke6 39.Rxc6+ Kd5 40.Rc7 
a3 41.h4 Ke5 42.Kd2 Ke6 43.Kc3 Ke7 44.Kxc4 Rf8 45.Kb3 Rf4 46.g3 Rg4 47.Rc3
Kxd7 48.Kxa3 g5 49.hxg5 Rxg5 50.Kb4 Rg4+ 51.Kb5 h4 52.gxh4 Rxh4 53.a4 Rh8 
54.Kb6 Rb8+ 55.Ka7 Rc8 56.Rh3 Rc7+ 57.Kb6 Rc6+ 58.Kb5 Rg6 59.Rc3 Rg8 60.a5
Rc8 61.Rh3 Kc7 62.a6 Kb8 63.Kb6 Rg8 64.Rh6 Ka8 65.Rf6 Rb8+ 66.Kc7 Ka7 67.
Rf7 Rb6 68.Rf1 Rxa6 69.Rb1 Ra2 70.Rc1 Ka6 71.Rc5 Rb2 72.Rc6+ Ka5 73.Rc3 
Kb4 74.Rc6 Rb3 75.Kb6 Rh3 76.Rg6 Rh4 77.Kc6 Rc4+ 78.Kd5 Rc5+ 79.Kd4 Rc4+ 
80.Kd3 Rc3+ 81.Kd2 Rc5 82.Rg8 Rd5+ 83.Kc2 Rc5+ 84.Kb2 Rb5 85.Rg4+ Ka5+ 86.
Kc3 Rh5 87.Kc4 Rb5 88.Rg8 Rb4+ 89.Kc3 Rb6 90.Kc4 Rc6+ 91.Kd5 Ra6 92.Kc5 
Ra7 93.Rc8 Ka4 94.Kc4 Ka5 95.Kc3 Kb6 96.Kb4 Rg7 97.Rc4 Rg5 98.Rh4 Rg6 99.
Kc4 Rc6+ 100.Kd5 Rc5+ 101.Kd6 Rc6+ 102.Kd7 Rc7+ 103.Kd8 Rg7 104.Rh6+ Kc5 
105.Kc8 Kd5 106.Kd8 Kc5 107.Ke8 Ra7 108.Rh5+ Kd6 109.Rh6+ Ke5 110.Kd8 Ra8+
111.Kc7 Ra7+ 112.Kb6 Re7 113.Kc5 Rc7+ 114.Kb6 Re7 115.Rh5+ Kf6 116.Kc6 Kg6
117.Rh1 Re6+ 118.Kd5 Rf6 119.Ke5 Rf5+ 120.Ke6 Rf6+ 121.Ke7 Rf7+ 122.Ke8 
Ra7 123.Rg1+ Kf6 124.Rf1+ Ke6 125.Re1+ Kf6 126.Kd8 Kg6 127.Rf1 Rb7 128.Kc8
Rh7 129.Kd8 Ra7 130.Rf2 Kg7 131.Kc8 Kg6 132.Kb8 Rh7 133.Rg2+ Kf6 134.Rf2+ 
Kg6 135.Kc8 Ra7 136.Kd8 Kg7 1/2-1/2

[Event "16th Africa-ch"]
[Site "Lilongwe MAW"]
[Date "2021.05.27"]
[Round "9.16"]
[White "Methu, Joseph Muragu"]
[Black "Ikhimiukor, Ehidiamen"]
[Result "1-0"]
[WhiteElo "2119"]
[BlackElo "1946"]
[EventDate "2021.05.18"]
[PlyCount "117"]

1.d4 Nf6 2.c4 g6 3.Nc3 Bg7 4.Nf3 O-O 5.e4 d6 6.Be2 Bg4 7.Be3 Nbd7 8.Nd2 
Bxe2 9.Qxe2 c5 10.O-O cxd4 11.Bxd4 a6 12.Rac1 Rc8 13.Nd5 e6 14.Nxf6+ Bxf6 
15.Nf3 Ne5 16.Nxe5 dxe5 17.Be3 Qc7 18.b3 Bg7 19.Rcd1 f5 20.exf5 exf5 21.f3
Rce8 22.Rd5 e4 23.fxe4 Rxe4 24.Qd3 Rfe8 25.Bf2 Re2 26.Rd7 Qc6 27.Rd8 Rxd8 
28.Qxd8+ Re8 29.Qd3 Qe4 30.Qxe4 Rxe4 31.Re1 Rxe1+ 32.Bxe1 Kf7 33.Kf2 Bd4+ 
34.Kf3 Ke6 35.h3 g5 36.Bd2 Bf6 37.Bc1 h5 38.a4 Kd6 39.Ba3+ Kc6 40.Ke3 Be5 
41.Be7 g4 42.hxg4 hxg4 43.Bh4 Kc5 44.Be1 Kd6 45.Bb4+ Ke6 46.Be1 Bd6 47.Kd4
Be5+ 48.Kc5 Bc7 49.b4 f4 50.b5 axb5 51.cxb5 f3 52.gxf3 gxf3 53.b6 Bf4 54.
Kb5 Bd2 55.Bf2 Kd5 56.a5 Ke4 57.a6 bxa6+ 58.Kxa6 Be3 59.Be1 1-0